| 000 | 00477nam a2200193 i 4500 | ||
|---|---|---|---|
| 001 | bg | ||
| 100 | 1 | _aALTY, J. L. | |
| 245 | 0 |
_aExpert systems concepts and examples / _cJ.L. Alty and M.J. Coombs. |
|
| 260 |
_aManchester : _bNCC, _c1984. |
||
| 650 | 9 | _aSystemy ekspertowe | |
| 700 | 1 | _aCOOMBS, M. J. | |
| 020 | _a0850123992 | ||
| 040 | _cBPK | ||
| 041 | _apol | ||
| 080 | _a004 | ||
| 920 | _a0-85012-399-2 | ||
| 942 | _cKS | ||
| 008 | s pl f |000 0 pol | ||
| 999 |
_c23701 _d23701 |
||
| 856 |
_uhttp://koha.tu.koszalin.pl/cgi-bin/koha/opac-detail.pl?biblionumber=23701 _yKatalog online BPK |
||